00770nam a2200217Ii 45000010005000000030009000050080041000140400033000550410008000880820018000961000029001142450042001432640061001853000012002463360026002583370028002843380027003129400050003399990017003899520146004069800CO-ViMGA241108s9999||||xx |||||||||||||| ||und|| aCO-ViMGAbspaerdacCO-ViMGA0 aunk04a946.4635-R5421 aDionisio Ridruejo95416210aDionisio Ridruejo:bCastilla la Vieja 1a[Lugar de publicación no identificado] : Destino, 1980 avolumen atextbtxt2rdacontent aunmediatedbn2rdamedia avolumebnc2rdacarrier aidficha_siabuc: 9584. -- ficha_no_siabuc:9800 c51033d51033 001040708001aMEVIGERRbMEVIGERRcGENd2006-11-27hVol.1o946.4635-R542pECA10319r2024-11-26 10:02:27tEj.1w2024-11-26yBKz9584 | 13130